000
00433nam a2200133Ia 4500
008
100328s9999 xx 000 0 und d
082
_b
29287
100
_a
आपटे ह.ना.
245
_a
रुपनगरची राजकन्या
260
_b
आर्यभूषण
630
_a
रुपनगरची राजकन्या
730
_a
रुपनगरची राजकन्या
942
_c
BOOK
999
_c
520329
_d
520326